ՀՀ Գիտությունների ազգային ակադեմիայի հիմնարար գիտական գրադարան  =   Fundamental Scientific Library of NAS RA

Критика демократии; Статьи из журнала "Русское обозрение" 1892-1897 гг. / (Record no. 306095)

MARC details
000 -LEADER
fixed length control field 00831nam a2200217 a 4500
001 - CONTROL NUMBER
control field 000861666
003 - CONTROL NUMBER IDENTIFIER
control field AM-YeHGA
005 - DATE AND TIME OF LATEST TRANSACTION
control field 20250617145104.0
008 - FIXED-LENGTH DATA ELEMENTS--GENERAL INFORMATION
fixed length control field 120126s1997 ||| r 000 0 rus d
020 ## - INTERNATIONAL STANDARD BOOK NUMBER
International Standard Book Number 5890970089
040 ## - CATALOGING SOURCE
Original cataloging agency AM-YeHGA
041 0# - LANGUAGE CODE
Language code of text/sound track or separate title rus
090 ## - LOCALLY ASSIGNED LC-TYPE CALL NUMBER (OCLC); LOCAL CALL NUMBER (RLIN)
-- 307803
100 1# - MAIN ENTRY--PERSONAL NAME
Personal name Тихомиров, Лев Александрович
Dates associated with a name 1852-1923.
245 10 - TITLE STATEMENT
Title Критика демократии; Статьи из журнала "Русское обозрение" 1892-1897 гг. /
Statement of responsibility, etc. Лев Тихомиров.
260 ## - PUBLICATION, DISTRIBUTION, ETC.
Place of publication, distribution, etc. Москва :
Name of publisher, distributor, etc. Москва,
Date of publication, distribution, etc. 1997.
300 ## - PHYSICAL DESCRIPTION
Extent 667 с. :
Other physical details портр.
440 #0 - SERIES STATEMENT/ADDED ENTRY--TITLE
Title Пути русского имперского сознания
653 0# - INDEX TERM--UNCONTROLLED
Uncontrolled term Демократия
653 0# - INDEX TERM--UNCONTROLLED
Uncontrolled term Политические учения в России - История, 19 в.
Holdings
Withdrawn status Lost status Damaged status Not for loan Collection Home library Current library Date acquired Total checkouts Full call number Barcode Date last seen Price effective from Koha item type Public note
        General Fundamental Scientific Library Fundamental Scientific Library 09/01/2017   PII/647378 FL0216617 09/01/2017 09/01/2017 Գրքեր / Books 30 Days Loan


ՀՀ ԳԱԱ հիմնարար գիտական գրադարան
ՀՀ,Երևան 0019
Մարշալ Բաղրամյան 24/6
հեռախոս:(374-10) 52-47-50
Հետադարձ կապ

All site content, except where otherwise noted, is licensed under a
Creative Commons License